000 00247nam a2200097Ia 4500
001 778333
005 20250826165923.0
008 250824s9999 xx 000 0 und d
245 0 _aCUMARTESİ YALNIZLIĞI
_cSELİM İLERİ
260 _bEVEREST YAYINLARI
999 _c778333
_d778333